000 00303nam a2200109Ia 4500
008 200302s9999 xx 000 0 und d
100 _aPratapadity a Pal
245 _aIn Pursuit of the Past Collection old Art in Modern India Circa 1875-1950
260 _bMarg publishibg
260 _c2015
300 _a179
999 _c3805
_d3805